|
|
|
|
| LEADER |
006200000a22001570004500 |
| 020 |
|
|
|a 81-250-1916-2
|
| 082 |
|
|
|a 194 DER P01
|
| 100 |
|
|
|a Powell, Jim.
|9 5885
|
| 245 |
|
|
|a Derrida for beginners/
|c Jim Powell.
|
| 260 |
|
|
|a New Delhi:
|b Orient BlackSwan Private Ltd.,
|c 2006
|
| 500 |
|
|
|a Includes bibliographical references and index
|
| 650 |
|
|
|a Derrida, Jacques-Criticism and interpretation
|9 5886
|
| 650 |
|
|
|a Philosophers-France
|9 5887
|
| 942 |
|
|
|c BK
|
| 999 |
|
|
|c 42579
|d 42579
|
| 952 |
|
|
|0 0
|1 0
|4 0
|6 194_000000000000000_DER_P01
|7 0
|9 43205
|a MGUL
|b MGUL
|d 2013-07-16
|e Rs.200.00
|l 7
|m 2
|o 194 DER P01
|p 41037
|r 2019-04-17
|s 2019-04-11
|w 2013-07-16
|y BK
|